Élimination par catégorie - Formule 1 (n°1) - Statistiques

Statistiques générales
  • Ce quiz a été pris 2 172 fois
  • Le résultat moyen est 14 sur 16
Statistiques - réponses
Groupe # Catégorie % Correct
Vert 25 Écurie d'origine européenne ayant couru au moins 100 Grand Prix
99%
Vert 12 ... ayant remporté au moins 1 championnat constructeur
99%
Vert 3 ... et eu Fernando Alonso comme pilote
98%
Orange 30 Pilote ayant remporté un Grand Prix au 21ème siècle
96%
Orange 13 ... ayant remporté au moins 10 Grand Prix
96%
Orange 6 ... et multiple champion du monde
96%
Bleu 28 Écurie ayant existé entre 2000 et 2013
93%
Vert 1 ... et remporté le championnat constructeurs de 1999 à 2004 Scuderia Ferrari
93%
Bleu 9 ... championne du monde
92%
Bleu 4 ... et eu Alain Prost comme pilote
89%
Orange 1 ... et ayant couru pour Benetton Michael Schumacher
76%
Violet 43 Pilote retraité britannique vivant
72%
Violet 9 ... ayant couru 10 saisons ou plus
69%
Bleu 1 ... et remporté 2 titres constructeurs au total Renault
66%
Violet 5 ... et couru pour McLaren
63%
Violet 1 ... et ayant remporté le seul titre constructeur de Brawn GP Jenson Button
60%
Aucun quiz correspondant
Distribution des résultats
% des personnes avec chaque résultat
Percentile par nombre de réponses
Votre historique - résultats
Vous n’avez pas pris ce quiz